000
00226 a2200097 4500
001
13278
100
_a
Abul Ala Mawdudi
245
_a
Towards understanding islam
260
_a
_b
The islamic foundation
_c
090
_c
10275
_d
10275
942
_a
NUST-CAE
_c
M
_c
309
999
_c
248351
_d
248351